000 01293cam a22003617a 4500
003 CHAP
005 20220817044025.0
008 050506d2005 mx r 00110 spa d
010 _a90246
011 _a91218
035 _a101776
040 _cCHAP
090 _aTesis
100 0 0 _aChan Díaz, David Jesús.
_921809
245 1 0 _aRespuesta productiva y mortalidad por síndrome ascítico de pollos de engorda sometidos a tres alimentos comerciales sin restricción alimenticia
_c/por David Jesús Chan Díaz
260 _aChapingo, Méx. :
_bEl autor,
_c2005.
300 _a29 h.
502 _aTesis (Ing. Agr. Esp. en Zootecnia) - - UACH. Departamento de Zootecnia
590 _aALEPH
_b10
_c20130110
_lUCH01
_h1505
590 _aBATCH-UPD
_b10
_c20130110
_lUCH01
_h0528
590 _aBATCH-UPD
_b10
_c20130410
_lUCH01
_h0208
590 _aBATCH-UPD
_b10
_c20130914
_lUCH01
_h0417
590 _aBATCH-UPD
_b10
_c20130914
_lUCH01
_h2138
590 _aCONVERSION
_b10
_c20130109
_lUCH01
_h1350
650 1 4 _aAscitis.
_97874
650 1 4 _aPollos
_xAlimentación.
_990268
650 1 4 _aPollos
_xEngorda.
901 _aBK
905 _aLilia
942 _cFOLL
949 _aTesis
_bBC
_cTES
_d1017761
_eTS1
_h43837
_i101776
_sb
949 _aTesis
_bBC
_cTES
_d33724000949095
_eTS2
_fc.2
_h43838
_i101776
_sb
999 _c90246
_d90246